Faculty of Law Library — Cairo University

Official Online Catalog

La Condotta Αnomala Nel Diritto Civile E Nel Diritto Penale. (Record no. 73174)

MARC details
000 -LEADER
fixed length control field 01032nam a2200313 i 4500
003 - CONTROL NUMBER IDENTIFIER
control field EG-GICUC
005 - DATE AND TIME OF LATEST TRANSACTION
control field 20260423205841.0
008 - FIXED-LENGTH DATA ELEMENTS--GENERAL INFORMATION
fixed length control field 260423s1960 it |||f |||| 001 0 ita d
040 ## - CATALOGING SOURCE
Original cataloging agency EG-GiCUC
Language of cataloging ita
Transcribing agency EG-GiCUC
Modifying agency EG-GiCUC
Description conventions rda
041 ## - LANGUAGE CODE
Language code of text/sound track or separate title ita
082 04 - DEWEY DECIMAL CLASSIFICATION NUMBER
Edition number 21
Classification number 343.662
Item number AL . C
092 04 - LOCALLY ASSIGNED DEWEY CALL NUMBER (OCLC)
Edition number 21
099 ## - LOCAL FREE-TEXT CALL NUMBER (OCLC)
Classification number Law1 10 343.662 AL . C 1960 1011268 V2, C1
100 1# - MAIN ENTRY--PERSONAL NAME
Personal name Altavilla, Enrico
Relator term Author.
245 10 - TITLE STATEMENT
Title La Condotta Αnomala Nel Diritto Civile E Nel Diritto Penale.
Number of part/section of a work II,
Name of part/section of a work Anormalità E Morbosità /
Statement of responsibility, etc. Enrico Altavilla.
264 #1 - PRODUCTION, PUBLICATION, DISTRIBUTION, MANUFACTURE, AND COPYRIGHT NOTICE
Place of production, publication, distribution, manufacture Torinese :
Name of producer, publisher, distributor, manufacturer Unione Tipografico-editrice,
Date of production, publication, distribution, manufacture, or copyright notice 1960.
300 ## - PHYSICAL DESCRIPTION
Extent 531 pages ;
Dimensions 24 cm
336 ## - CONTENT TYPE
Source rda content
Content type term text
337 ## - MEDIA TYPE
Source rda media
Media type term Computer
338 ## - CARRIER TYPE
Source rda carrier
Carrier type term Online Resource
500 ## - GENERAL NOTE
General note Index pages : 506-531.
546 ## - LANGUAGE NOTE
Language note Text in Italian
650 14 - SUBJECT ADDED ENTRY--TOPICAL TERM
Topical term or geographic name entry element Crimine gay
650 14 - SUBJECT ADDED ENTRY--TOPICAL TERM
Topical term or geographic name entry element Diritto penale
651 1# - SUBJECT ADDED ENTRY--GEOGRAPHIC NAME
Geographic name Italia
General subdivision Leggi e legislazione
856 40 - ELECTRONIC LOCATION AND ACCESS
Uniform Resource Identifier <a href="https://fll.law.cu.edu.eg/fulltext/bks/B10-11268.pdf">https://fll.law.cu.edu.eg/fulltext/bks/B10-11268.pdf</a>
905 ## - Cataloger and Reviser Names
Cataloger Name: Mohamed Yosri
942 ## - ADDED ENTRY ELEMENTS (KOHA)
Source of classification or shelving scheme Dewey Decimal Classification
Koha item type Books
Edition 21
Suppress in OPAC No
Holdings
Withdrawn status Lost status Source of classification or shelving scheme Materials specified (bound volume or other part) Damaged status Not for loan Collection Home library Current library Date acquired Total checkouts Full call number Barcode Date last seen Copy number Price effective from Koha item type
    Dewey Decimal Classification V2   Not for loan القانون الجنائي جــــامعة القــاهرة مكتبة كلية الحقوق - المبنى الرئيسي 23.04.2026   Law1 10 343.662045 AL . C 1960 1011268 V2, C1 B10-11268 23.04.2026 1 23.04.2026 Books

© All rights reserved — Faculty of Law, Cairo University